Gaming Quiz

Random Gaming or Pokémon Quiz

Pokemon Evolution Items Quiz Stats

 Plays Quiz not verified by Sporcle

Score 0/23 Timer 12:00
0 Plays Today
Hint Item Name % Correct
A stone that can be used to evolve Growlithe, Vulpix and EeveeFire Stone
90.1%
A stone that can be used to evolve Nidorina, Nidorino, Clefairy, Jigglypuff and SkittyMoon Stone
89.7%
A stone that can be used to evolve Pikachu and EeveeThunderstone
89.3%
A stone that can be used to evolve Gloom, Weepinbell, Exeggcute, and NuzleafLeaf Stone
89%
A stone that can be used to evolve Poliwhirl, Shellder, Staryu, Eevee and LombreWater Stone
89%
A stone that can be used to evolve Gloom and SunkernSun Stone
86.4%
Used to evolve Poliwhirl and Slowpoke into Politoed and Slowking when equipped and tradedKing's Rock
83.5%
Evolves Murkrow and Misdreavus into Honchkrow and MismagiusDusk Stone
82.4%
Evolves Onix and Scyther into Steelix and Scizor when equipped and tradedMetal Coat
82%
Evolves a male Kirlia and female Snowrunt into Gallade and FroslassDawn Stone
81.6%
Evolves Seadra into Kingdra when equipped and tradedDragon Scale
79%
Evolves Porygon into Porygon2 when equipped and tradedUp-Grade
78.3%
Hint Item Name % Correct
Evolves Togetic and Roselia into Togekiss and RoseradeShiny Stone
73.5%
Evolves Magmar into Magmortar when equipped and tradedMagmarizer
73.2%
Evolves Sneasel into Weavile when equipped and leveled up at Night (8:00pm - 4:00am)Razor Claw
70.6%
Evolves Clamperl to Gorebyss when equipped and tradedDeepseascale
69.9%
Evolves Dusclops into Dusknoir when equipped and tradedReaper Cloth
69.5%
Evolves Clamperl to Huntail when equipped and tradedDeepseatooth
68.4%
Evolves Gligar into Gliscor when equipped and leveled up at Night (8:00pm - 4:00am)Razor Fang
68%
Evolves Porygon2 into Porygon-Z when equipped and tradedDubious Disc
67.3%
Evolves Electabuzz into Electivire when equipped and tradedElectrizer
66.5%
Evolves Rhydon into Rhyperior when equipped and tradedProtector
64.3%
Evolves Happiny into Chansey when equipped and leveled at Morning or Day (4:00am - 7:59pm)Oval Stone
64%

You're not logged in!

Compare scores with friends on all Sporcle quizzes.
OR
Log In

Show Comments

Extras

Top Quizzes Today


Score Distribution

Your Account Isn't Verified!

In order to create a playlist on Sporcle, you need to verify the email address you used during registration. Go to your Sporcle Settings to finish the process.

Report this User

Report this user for behavior that violates our Community Guidelines.

Details: